00618nam a22002052a 450000100060000000300080000600500170001400800410003103500190007204000420009104100080013308200220014110000290016324500610019226000390025330000240029250400370031665000410035365000180039434582BD-RjUL20211209052201.0140518t1969 nyu b 001 0 eng d a(BD-RjUL)34676 aDLCcDLCdOCLdUKMdEQOdBD-RjULbeng aeng a300.182bCOS 19691 aCohen, Jacob,d1923-199810aStatistical power analysis for the behavioral sciences / aNew York :bAcademic Press,c1969. axv, 415 p. ;c24 cm aIncludes bibliography and index. 0aSocial sciencesxStatistical methods 0aProbabilities